| 000 | 00799nam a2200253 a 4500 | ||
|---|---|---|---|
| 001 | BRL_34 | ||
| 005 | 20190320210547.0 | ||
| 008 | 940420s1990 mx-a#####b---#000-0#spa-# | ||
| 020 | _a9683800025 | ||
| 040 |
_aDLC _cDLC |
||
| 041 | _aspa | ||
| 044 | _amx | ||
| 050 | 4 |
_aF1219 _b.S63 1990 |
|
| 100 | 1 |
_aSodi M., Demetrio _922706 |
|
| 245 | 1 | 0 |
_aLas grandes culturas de Mesoamérica _bdesde la llegada del hombre al Continente Americano hasta la última de las Culturas Prehispánicas _cDemetrio Sodi M. |
| 260 |
_aMéxico _bPanorama _c8a reimp., 1990 |
||
| 300 |
_a199 p. _bil. _c21 cm. |
||
| 500 | _aAu45 | ||
| 504 | _aBibliografía: p. [195]-199 | ||
| 650 | 1 | 4 |
_aIndígenas de México _xAntigüedades _9509 |
| 650 | 1 | 4 |
_aIndígenas de México _xHistoria _922707 |
| 902 | _aGRL | ||
| 942 |
_2lcc _cB |
||
| 999 |
_c8847 _d8847 |
||